| 000 | 00375 a2200157 4500 | ||
|---|---|---|---|
| 999 |
_c12214 _d12214 |
||
| 003 | OSt | ||
| 005 | 20231228162942.0 | ||
| 008 | 231228b ||||| |||| 00| 0 eng d | ||
| 020 | _a9788968010620 | ||
| 082 | _a729 | ||
| 100 | _aDamdi Publishing | ||
| 245 |
_aSow design seed in your mind 2: _bwe are nomad |
||
| 260 |
_bDamdi _c2017 |
||
| 300 | _a111pages: | ||
| 942 | _2ddc | ||